Normal view
MARC view
- Dr.Malik Ghulam murtaza
Entry Personal Name
001 - CONTROL NUMBER
- control field: 1485
003 - CONTROL NUMBER IDENTIFIER
- control field: NUST
005 - DATE AND TIME OF LATEST TRANSACTION
- control field: 20170526172202.0
008 - FIXED-LENGTH DATA ELEMENTS
- fixed length control field: 170526|| aca||aabn | a|a d
040 ## - CATALOGING SOURCE
- Original cataloging agency: NUST
- Transcribing agency: NUST
100 ## - HEADING--PERSONAL NAME
- Personal name: Dr.Malik Ghulam murtaza
670 ## - SOURCE DATA FOUND
- Source citation: Work cat.: (NUST)23572: Dr.Malik Ghulam murtaza, انوارُالقران جِلداوّل, c1997
